| 000 | 00347nab a22001097u 4500 | ||
|---|---|---|---|
| 008 | 130520b1970 xxu||||| |||| 00| 0 ita d | ||
| 041 | _aita | ||
| 100 | 1 |
_aPaggiaro, Luigi _963065 |
|
| 245 | 0 | 0 |
_aC'è un progresso nella tecnologia contemporanea? _cLuigi Paggiaro |
| 773 | 0 |
_tSapienza _gV.23, nº4,1970,págs. 465-468 _x0036-4711 _wRev414 |
|
| 942 | _cAR | ||
| 999 |
_c340556 _d340556 |
||